000 00545cam a2200193 a 4500
001 986155
005 20240130054804.0
008 860424s1985 ce b 000 0 eng
040 _aDLC
_cDLC
_dDLC
082 0 0 _a954.9/3004948
_219
_bTAM.
100 1 _aIriyagolle, Gamini.
245 1 0 _aTamil claims to land :
_bfact and fiction /
_cGamini Iriyagolla.
250 _a2nd ed.
260 _aColombo, Sri Lanka :
_bInstitute of Public Affairs,
_c1985.
300 _a52 p. ;
500 _aCover title.
650 0 _aTamil (Indic people)
942 _cL
999 _c245
_d245